<?xml version="1.0" encoding="UTF-8"?><?xml-stylesheet type="text/xsl" href="static/style.xsl"?><OAI-PMH xmlns="http://www.openarchives.org/OAI/2.0/" xmlns:xsi="http://www.w3.org/2001/XMLSchema-instance" xsi:schemaLocation="http://www.openarchives.org/OAI/2.0/ http://www.openarchives.org/OAI/2.0/OAI-PMH.xsd"><responseDate>2026-04-17T03:27:12Z</responseDate><request verb="GetRecord" identifier="oai:www.recercat.cat:11351/13121" metadataPrefix="marc">https://recercat.cat/oai/request</request><GetRecord><record><header><identifier>oai:recercat.cat:11351/13121</identifier><datestamp>2025-06-14T04:13:27Z</datestamp><setSpec>com_2072_378070</setSpec><setSpec>com_2072_378040</setSpec><setSpec>col_2072_378092</setSpec></header><metadata><record xmlns="http://www.loc.gov/MARC21/slim" xmlns:dcterms="http://purl.org/dc/terms/" xmlns:xsi="http://www.w3.org/2001/XMLSchema-instance" xmlns:doc="http://www.lyncode.com/xoai" xsi:schemaLocation="http://www.loc.gov/MARC21/slim http://www.loc.gov/standards/marcxml/schema/MARC21slim.xsd">
   <leader>00925njm 22002777a 4500</leader>
   <datafield ind2=" " ind1=" " tag="042">
      <subfield code="a">dc</subfield>
   </datafield>
   <datafield ind2=" " ind1=" " tag="720">
      <subfield code="a">Guerrero, Mario</subfield>
      <subfield code="e">author</subfield>
   </datafield>
   <datafield ind2=" " ind1=" " tag="720">
      <subfield code="a">PROAÑO PEREZ, ELIZABETH</subfield>
      <subfield code="e">author</subfield>
   </datafield>
   <datafield ind2=" " ind1=" " tag="720">
      <subfield code="a">Serrano Candelas, Eva</subfield>
      <subfield code="e">author</subfield>
   </datafield>
   <datafield ind2=" " ind1=" " tag="720">
      <subfield code="a">García-Valverde, Alfonso</subfield>
      <subfield code="e">author</subfield>
   </datafield>
   <datafield ind2=" " ind1=" " tag="720">
      <subfield code="a">Carrillo Rodriguez, Berenice</subfield>
      <subfield code="e">author</subfield>
   </datafield>
   <datafield ind2=" " ind1=" " tag="720">
      <subfield code="a">Rosell, Jordi</subfield>
      <subfield code="e">author</subfield>
   </datafield>
   <datafield ind2=" " ind1=" " tag="720">
      <subfield code="a">Serrano, Cesar</subfield>
      <subfield code="e">author</subfield>
   </datafield>
   <datafield ind2=" " ind1=" " tag="260">
      <subfield code="c">2025-05-22T08:47:54Z</subfield>
   </datafield>
   <datafield ind2=" " ind1=" " tag="260">
      <subfield code="c">2025-05-22T08:47:54Z</subfield>
   </datafield>
   <datafield ind2=" " ind1=" " tag="260">
      <subfield code="c">2025-06-18</subfield>
   </datafield>
   <datafield ind2=" " ind1=" " tag="520">
      <subfield code="a">Cell cycle; Cell survival; Gastrointestinal stromal tumors</subfield>
   </datafield>
   <datafield ind2=" " ind1=" " tag="520">
      <subfield code="a">Ciclo celular; Supervivencia celular; Tumores del estroma gastrointestinal</subfield>
   </datafield>
   <datafield ind2=" " ind1=" " tag="520">
      <subfield code="a">Cicle cel·lular; Supervivència cel·lular; Tumors de l'estroma gastrointestinal</subfield>
   </datafield>
   <datafield ind2=" " ind1=" " tag="520">
      <subfield code="a">Gastrointestinal stromal tumors (GISTs) comprise about 80% of mesenchymal neoplasms in the gastrointestinal tract. Although imatinib mesylate is the preferred treatment, the development of drug resistance highlights the need for novel therapeutic strategies. Recently, we have identified the microphthalmia-associated transcription factor (MITF) as a critical player in pro-survival signaling and tumor growth. This study investigates the effects of MITF inhibition using ML329, an MITF pathway inhibitor, on GIST cell viability in vitro and in NMRI-nu/nu mouse xenograft models. ML329 suppresses growth in imatinib-sensitive (GIST-T1) and -resistant (GIST 430/654) cell lines, impairs MITF targets such as BCL2 and CDK2, and induces S-G2/M cell-cycle arrest. In vivo, ML329 is well tolerated and significantly reduces tumor growth in established imatinib-sensitive and -resistant GIST models. These findings underscore the importance of MITF in GIST growth and support its inhibition as a promising therapeutic approach.</subfield>
   </datafield>
   <datafield ind2=" " ind1=" " tag="520">
      <subfield code="a">We are indebted to the Cytomics core facility of the Institut d'Investigacions Biomèdiques August Pi i Sunyer (IDIBAPS) for technical support. This study has been funded by a grant from the Spanish Ministry of Science, Innovation and Universities (MICIU) and European Regional Development Fund (ERDF)/European Social Fund “Investing in your future”: RTI2018-096915-B100 (M.M.) and PID2021-122898OB-I00 (M.M.) was funded by MICIU/AEI/10.13039/501100011033/ and by ERDF, EU. The study has also been funded by Asociación Española Contra el Cáncer (AECC CLSEN20004SERR) (C.S.) and ISCIII PI22_00720 (C.S.).</subfield>
   </datafield>
   <datafield ind1="8" ind2=" " tag="024">
      <subfield code="a">http://hdl.handle.net/11351/13121</subfield>
   </datafield>
   <datafield tag="653" ind2=" " ind1=" ">
      <subfield code="a">Aparell digestiu - Càncer - Tractament</subfield>
   </datafield>
   <datafield tag="653" ind2=" " ind1=" ">
      <subfield code="a">Tub digestiu - Càncer - Tractament</subfield>
   </datafield>
   <datafield tag="653" ind2=" " ind1=" ">
      <subfield code="a">Resistència als medicaments</subfield>
   </datafield>
   <datafield tag="653" ind2=" " ind1=" ">
      <subfield code="a">Medicaments antineoplàstics - Ús terapèutic</subfield>
   </datafield>
   <datafield tag="653" ind2=" " ind1=" ">
      <subfield code="a">CHEMICALS AND DRUGS::Amino Acids, Peptides, and Proteins::Proteins::DNA-Binding Proteins::Basic Helix-Loop-Helix Transcription Factors::Basic Helix-Loop-Helix Leucine Zipper Transcription Factors::Microphthalmia-Associated Transcription Factor</subfield>
   </datafield>
   <datafield tag="653" ind2=" " ind1=" ">
      <subfield code="a">Other subheadings::Other subheadings::Other subheadings::/antagonists &amp; inhibitors</subfield>
   </datafield>
   <datafield tag="653" ind2=" " ind1=" ">
      <subfield code="a">DISEASES::Digestive System Diseases::Digestive System Neoplasms::Gastrointestinal Neoplasms::Digestive System Diseases::Gastrointestinal Stromal Tumors</subfield>
   </datafield>
   <datafield tag="653" ind2=" " ind1=" ">
      <subfield code="a">Other subheadings::Other subheadings::Other subheadings::/drug therapy</subfield>
   </datafield>
   <datafield tag="653" ind2=" " ind1=" ">
      <subfield code="a">DISEASES::Neoplasms::Neoplasms by Site::Digestive System Neoplasms::Gastrointestinal Neoplasms</subfield>
   </datafield>
   <datafield tag="653" ind2=" " ind1=" ">
      <subfield code="a">PHENOMENA AND PROCESSES::Physiological Phenomena::Pharmacological and Toxicological Phenomena::Pharmacological Phenomena::Drug Resistance::Drug Resistance, Neoplasm</subfield>
   </datafield>
   <datafield tag="653" ind2=" " ind1=" ">
      <subfield code="a">COMPUESTOS QUÍMICOS Y DROGAS::aminoácidos, péptidos y proteínas::proteínas::proteínas de unión al ADN::factores de transcripción con hélice-asa-hélice básico::factores de transcripción con hélice-asa-hélice y cremallera de leucina básicos::factor de transcripción asociado a la microftalmía</subfield>
   </datafield>
   <datafield tag="653" ind2=" " ind1=" ">
      <subfield code="a">Otros calificadores::Otros calificadores::Otros calificadores::/antagonistas &amp; inhibidores</subfield>
   </datafield>
   <datafield tag="653" ind2=" " ind1=" ">
      <subfield code="a">ENFERMEDADES::enfermedades del sistema digestivo::neoplasias del sistema digestivo::neoplasias gastrointestinales::enfermedades del sistema digestivo::tumores del estroma gastrointestinal</subfield>
   </datafield>
   <datafield tag="653" ind2=" " ind1=" ">
      <subfield code="a">Otros calificadores::Otros calificadores::Otros calificadores::/farmacoterapia</subfield>
   </datafield>
   <datafield tag="653" ind2=" " ind1=" ">
      <subfield code="a">ENFERMEDADES::neoplasias::neoplasias por localización::neoplasias del sistema digestivo::neoplasias gastrointestinales</subfield>
   </datafield>
   <datafield tag="653" ind2=" " ind1=" ">
      <subfield code="a">FENÓMENOS Y PROCESOS::fenómenos fisiológicos::fenómenos farmacológicos y toxicológicos::fenómenos farmacológicos::resistencia a medicamentos::resistencia a los antineoplásicos</subfield>
   </datafield>
   <datafield ind2="0" ind1="0" tag="245">
      <subfield code="a">Preclinical study of microphthalmia-associated transcription factor inhibitor ML329 in gastrointestinal stromal tumor growth</subfield>
   </datafield>
</record></metadata></record></GetRecord></OAI-PMH>